000 00365nam a2200145Ia 4500
008 240624s9999 xx 000 0 und d
041 _aeng
082 _a658 DUB
100 _aDUBRIN ANDREW
245 _aMANAGEMENT ESSENTIALS
250 _a(9th ed.)
260 _c2012
_aAustralia
_bCengage Learning
300 _axxiii, : 694 : p. : cm. ; 25
365 _cGBP
_b25
999 _c26718
_d26718